000 00817nam a2200205 i 4500
001 153075
003 ES-MaACL
005 20230906205019.0
008 931025s1634 sp |||| | spa d
100 1 _aCéspedes y Meneses, Gonzalo de.
_937691
245 1 0 _aHistoria de don Felipe IIII, Rey de las Españas /
_cpor don Gonçalo de Cespedes y Meneses.
260 _aEn Barcelona :
_bpor Sebastian de Cormellas ...,
_c1634.
300 _a[4], 281, [3] h. ;
_cFol.
597 _aSign.: ¶4, A-Z8, 2A-2M8, 2N4.
597 _aTexto a dos col.
597 _aPort. con esc. xil. real.
650 0 4 _aEspaña-
_xHistoria-
_y1621-1665, Felipe IV.
_9221984
852 _aES-MaACL
_jR-143
_z-- Enc. pasta española
_z-- Ex-libis ms. de Fr. Andrés González de San Pablo, 1691º
_x Olim: B-10894
999 _c153075
_d153075